| 000 | 00485ntaaa2200181 4500 | ||
|---|---|---|---|
| 003 | 01 | ||
| 005 | 20251027202202.0 | ||
| 008 | 0714s1973 ag 01 | ||
| 040 |
_aAR-BaBN _bspa _cAR-BaBN _eaacr _dRIC |
||
| 082 | _a267.2000 Sa6 | ||
| 100 |
_aSapp, James M _920397 |
||
| 245 | _aBrotherhood handbook | ||
| 250 | _a1 ed. | ||
| 260 |
_aMemphis, Tennessee : _bBrotherhood Commission of the Southern Baptist Convention, _cc1963 |
||
| 300 | _a157 p | ||
| 650 | _aUnión varonil | ||
| 942 | _cBK | ||
| 999 |
_c16790 _d16790 |
||